000 00711cam a2200265 4500
008 090401t1996 xxu||||| |||| 00| 0 eng d
020 _a0117533351
035 _a(Sirsi) u6890
041 _aeng
050 _a711.52
110 _aUnited Kingdom
_bDepartment of the Environment
_9982
245 _aGreening the city : a guide to good practice.
260 _aLondon
_bStationery Office
_c1996
300 _av,110p. : ill. ; 30cm.
350 _a26
650 _aCITIES
650 _aGREENING THE CITY
650 _aURBAN DEVELOPMENT
650 _aURBAN RENEWAL
690 _aURBAN RENEWAL
710 _aGFA Consulting
_9608
710 _aTibbalds Monro
_9647
942 _n0
948 _c04/03/1997
999 _c86365
_d86365